000 00657nam a22002417a 4500
003 UA-OsUOA
001 28667
007 ta
008 20050415b un ||||| |||| 00| 0 ukr d
100 _aКогуська Н. Л.
090 _a94(477)152
_bК57
942 _cBK
040 _aUA-OsUOA
_bukr
_cUA-OsUOA
_dUA-OsUOA
245 _aЧверть століття на громадській ниві 1926-1951
300 _a540 с.
955 _a0
041 _aukr
080 _a94(477)152
260 _aВінніпег
_bУкраїнська жіноча асоціація Канади
_c1952
044 _aCA
650 7 _2UDC
999 _c315037
_d315037